Statistiques concernant Personnage historique mystérieux (avec une image cachée) n°1

Cliquez ici pour prendre le quiz!

Statistiques générales

  • Ce quiz a été pris 1 275 fois
  • Le résultat moyen est 6 sur 10

Réponses sur la Carte

Les réponses sont colorées sur une échelle allant du rouge au vert en fonction du pourcentage des utilisateurs qui les ont devinées à leur premier essai. Vous pouvez retrouver ces pourcentages ci-dessous.
 

Statistiques - réponses

IndicesRéponses% Correct
Religion dont le symbole est une étoile à six branchesJudaïsme
94%
Grade militaire venant étymologiquement du latin "caput" (tête)Capitaine
77%
Pays accueillant le siège de la Banque Centrale EuropéenneAllemagne
76%
Auteur du cycle des Rougon-MacquartEmile Zola
66%
Verbe signifiant "signaler ou présenter (qqn) comme coupable"Accuser
63%
Département français de numéro 973Guyane
60%
Célèbre école française surnommée l'"X"Polytechnique
51%
Première ville du Haut-Rhin par la populationMulhouse
43%
Personnage mystèreAlfred Dreyfus
41%
Président de la République française de 1899 à 1906Emile Loubet
20%

Distribution des résultats

Percentile par nombre de réponses

% des personnes avec chaque résultat

Votre développement - résultats

Vous n’avez pas pris ce quiz